书目信息 |
| 题名: |
语言文学研究论文集
|
|
| 作者: | ;北真师范专科学校语文系 编 | |
| 分册: | ||
| 出版信息: | 沈阳 北真师范专科学校语文系 不详 |
|
| 页数: | 182页 | |
| 开本: | 19cm | |
| 丛书名: | ||
| 单 册: | ||
| 中图分类: | H14 , I106 | |
| 科图分类: | 41.23 | |
| 主题词: | 汉语-语言学--研究--文集 , 文学研究--世界--文集 , 语言学-汉语--研究--文集 | |
| 电子资源: | ||
| ISBN: | ||
| 000 | 00818nam0 2200253 45 | |
| 001 | 0188003410 | |
| 005 | 20070801162907.98 | |
| 020 | @aCN@b88003410 | |
| 100 | @a19910411d km y0chiy0120 ea | |
| 101 | 0 | @achi |
| 102 | @aCN@b210000 | |
| 105 | @ay z 000yy | |
| 200 | 10 | @a语言文学研究论文集@Ayu yan wen xue yan jiu lun wen ji@f北真师范专科学校语文系编@Fbei zhen shi fan zhuan ke xue xiao yu wen xi bian |
| 210 | @a沈阳@c北真师范专科学校语文系@d不详 | |
| 215 | @a182页@d19cm | |
| 606 | @a汉语-语言学@x研究@x文集 | |
| 606 | @a文学研究@y世界@x文集 | |
| 606 | @a语言学-汉语@x研究@x文集 | |
| 690 | @aH14@v1980 | |
| 690 | @aI106@v1980 | |
| 692 | @a41.23@v1974 | |
| 711 | 02 | @a北真师范专科学校语文系@Abei zhen shi fan zhuan ke xue xiao yu wen xi@4编 |
| 801 | 0 | @aCN@bTSSF@c20070801 |
| 905 | @a10447@dH14@e332 | |
| 语言文学研究论文集/北真师范专科学校语文系编.-沈阳:北真师范专科学校语文系,不详 |
| 182页;19cm |
| ISBN : |
| ● |
| 相关链接 |
|
|
|
|
正题名:语言文学研究论文集
索取号:H14/332
 
预约/预借
| 序号 | 登录号 | 条形码 | 馆藏地/架位号 | 状态 | 备注 |
| 1 | 0787216 | 207872168 | 密集书库/ [索取号:H14/332] | 在馆 |